000 00614nas a2200229 4500
001 BR8901018
003 BR-BrBNA
005 20231205091451.0
007 ta
008 230509b bl.|||p| |||| 00| 00por d
040 _aBR-BrBNA
_bpor
_cBiblioteca Nacional de Agricultura
041 _a(Pt)
072 _aL01
100 1 _aRibeiro, J.H.
245 1 _aO javali do Brasil
650 _aSUÍNO
650 _aVARRAO
650 _aANIMAL DE CACA
773 0 _tGlobo Rural (Brazil)
_xISSN 0102-6178
_g(Sep 1988), v. 3(36) p. 62-72
_wBR8901018
909 _a202311
_bLúcia
_c55
_dLúcia Elande
942 _2AGRIS
_n0
_cANA
999 _c125287
_d125287